Oral soft tissue diseases : (Record no. 25605)

MARC details
000 -LEADER
fixed length control field 01412cam a22003855i 4500
001 - CONTROL NUMBER
control field ocn878914983
003 - CONTROL NUMBER IDENTIFIER
control field BUEsh
005 - DATE AND TIME OF LATEST TRANSACTION
control field 20201203114434.0
008 - FIXED-LENGTH DATA ELEMENTS--GENERAL INFORMATION
fixed length control field 130502t20132013ohua f bf 001 0 eng d
020 ## - INTERNATIONAL STANDARD BOOK NUMBER
International Standard Book Number 9781591953265
020 ## - INTERNATIONAL STANDARD BOOK NUMBER
International Standard Book Number 159195326X
040 ## - CATALOGING SOURCE
Original cataloging agency NLM
Language of cataloging eng
Description conventions rda
Transcribing agency NLM
Modifying agency OCLCO
-- LTSCA
-- OCLCF
-- EG-ScBUE
082 04 - DEWEY DECIMAL CLASSIFICATION NUMBER
Classification number 617.63
Item number ORA
Edition number 22
245 00 - TITLE STATEMENT
Title Oral soft tissue diseases :
Remainder of title a reference manual for diagnosis & management /
Statement of responsibility, etc [edited by] J. Robert Newland [and three other].
246 3# - VARYING FORM OF TITLE
Title proper/short title Oral soft tissue diseases :
Remainder of title a reference manual for diagnosis and management
250 ## - EDITION STATEMENT
Edition statement Sixth edition.
264 #1 - PUBLICATION, DISTRIBUTION, ETC. (IMPRINT)
Place of publication, distribution, etc Hudson, Ohio :
Name of publisher, distributor, etc Lexicomp,
Date of publication, distribution, etc [2013]
264 #4 - PUBLICATION, DISTRIBUTION, ETC. (IMPRINT)
Date of publication, distribution, etc c2013
300 ## - PHYSICAL DESCRIPTION
Extent 323 pages :
Other physical details illustrations ;
Dimensions 28 cm.
336 ## - CONTENT TYPE
Content type term text
Content type code txt
Source rdacontent
337 ## - MEDIA TYPE
Media type term unmediated
Media type code n
Source rdamedia
338 ## - CARRIER TYPE
Carrier type term volume
Carrier type code nc
Source rdacarrier
490 0# - SERIES STATEMENT
Series statement Lexicomp dental reference library
504 ## - BIBLIOGRAPHY, ETC. NOTE
Bibliography, etc Includes bibliographical references and index.
650 #7 - SUBJECT ADDED ENTRY--TOPICAL TERM
Topical term or geographic name as entry element Mouth
General subdivision Diseases
-- Diagnosis
Form subdivision Handbooks, manuals, etc.
Source of heading or term BUEsh
650 #7 - SUBJECT ADDED ENTRY--TOPICAL TERM
Topical term or geographic name as entry element Tooth Diseases
General subdivision Diagnosis
Form subdivision Handbooks, manuals, etc.
Source of heading or term BUEsh
651 ## - SUBJECT ADDED ENTRY--GEOGRAPHIC NAME
Source of heading or term BUEsh
653 ## - INDEX TERM--UNCONTROLLED
Resource For college Dentistry
Arrived date list November2017
653 ## - INDEX TERM--UNCONTROLLED
Resource For college Nursing
Arrived date list December2017
700 1# - ADDED ENTRY--PERSONAL NAME
Personal name Newland, J. Robert,
Relator term editor.
700 1# - ADDED ENTRY--PERSONAL NAME
Personal name Meiller, Timothy F.,
Relator term editor.
700 1# - ADDED ENTRY--PERSONAL NAME
Personal name Wynn, Richard L.,
Relator term editor.
700 1# - ADDED ENTRY--PERSONAL NAME
Personal name Crossley, Harlod L.,
Relator term editor.
9 (RLIN) 36002
942 ## - ADDED ENTRY ELEMENTS (KOHA)
Source of classification or shelving scheme Dewey Decimal Classification
Koha item type Book - Borrowing
Holdings
Withdrawn status Lost status Source of classification or shelving scheme Damaged status Not for loan Collection code Home library Current library Shelving location Date acquired Source of acquisition Cost, normal purchase price Total Checkouts Full call number Barcode Date last seen Koha item type Price effective from
    Dewey Decimal Classification     Baccah Central Library Central Library First floor 19/11/2017 Purchase 1440.00   617.63 ORA 000042507 15/07/2025 Reference (NB)  
    Dewey Decimal Classification     Baccah Central Library Central Library First floor 25/12/2017   1850.00   617.63 ORA 000047010 15/07/2025 Reference (NB)  
    Dewey Decimal Classification     Baccah Central Library Central Library First floor 25/12/2017       617.63 ORA 000047011 15/07/2025 Reference (NB) 25/12/2017